2 Letter Scrabble Words (Expert Speed, 3 min.) - Statistics

General Stats
  • This quiz has been taken 704 times
    438 since last reset
  • The average score is 51 of 104
Answer Stats
Answer % Correct
do
85%
as
84%
an
83%
at
83%
be
83%
ad
76%
bo
76%
ab
75%
am
75%
ah
74%
ba
72%
aw
71%
in
71%
bi
70%
it
69%
al
68%
go
68%
ag
67%
ar
67%
aa
66%
ax
66%
ay
65%
de
65%
he
65%
ae
64%
ai
64%
me
64%
no
64%
hi
63%
to
62%
lo
61%
on
61%
ho
59%
by
57%
fa
57%
so
57%
er
55%
mo
55%
we
55%
et
54%
ha
54%
is
54%
ma
54%
if
53%
em
52%
en
52%
of
52%
ed
51%
es
51%
fe
51%
la
51%
po
51%
ef
50%
eh
48%
mi
48%
ex
47%
li
47%
or
47%
el
46%
re
45%
pa
44%
na
43%
pi
43%
ne
42%
jo
41%
ya
41%
yo
41%
op
39%
si
38%
te
38%
ti
38%
ye
38%
my
37%
wo
37%
gi
36%
mu
36%
oh
36%
ta
36%
up
36%
za
36%
id
35%
ki
35%
om
35%
ox
35%
pe
35%
ka
34%
us
33%
un
32%
os
31%
ow
31%
nu
28%
oy
28%
hm
26%
qi
26%
od
25%
oe
23%
oi
22%
um
22%
ut
21%
xi
21%
mm
18%
sh
18%
uh
17%
xu
15%
No matching quizzes found
Score Distribution
Percent of People with Each Score
Percentile by Number Answered
Your Score History
You have not taken this quiz since the last reset